000 00526nam a2200205Ia 4500
003 LK-CoDNM
008 010623t1953 xxu||||| |||| 00| 1 eng d
040 _aLK-CoDNM
_dLK-CoDNM
_eLK-CoDNM
041 _aeng
080 _aT 15
245 _aTimes of Ceylon annual,1953
260 _bTimes of Colombo
_aColombo
_c1953
300 _b102p,ill,pl., 35 cm
650 _aEmbekke Devale
650 _aHorton Place
650 _aJungle Themes
650 _aKandyan Dancing
650 _aTreasure Trove in Stone
942 _cBK
999 _c102958
_d102958